书目信息 |
| 题名: |
动物生殖学理论与实践
|
|
| 作者: | 李井春 , 曹新燕 著 | |
| 分册: | ||
| 出版信息: | 北京 化学工业出版社 2016 |
|
| 页数: | 339页 | |
| 开本: | 24cm | |
| 丛书名: | ||
| 单 册: | ||
| 中图分类: | Q492 | |
| 科图分类: | ||
| 主题词: | 动物--生殖生理学 | |
| 电子资源: | ||
| ISBN: | 978-7-122-27488-5 | |
| 000 | 00936nam0 2200241 450 | |
| 001 | 3036 | |
| 005 | 20161207151520.51 | |
| 010 | @a978-7-122-27488-5@dCNY98.00 | |
| 100 | @a20160922d2016 em y0chiy50 ea | |
| 101 | 0 | @achi |
| 102 | @aCN@b110000 | |
| 105 | @aa z 000yy | |
| 200 | 1 | @a动物生殖学理论与实践@9dong wu sheng zhi xue li lun yu shi jian@f李井春,曹新燕著 |
| 210 | @a北京@c化学工业出版社@d2016 | |
| 215 | @a339页@c图@d24cm | |
| 300 | @a本书出版得到:中国农业科学院科技创新工程经费资助、国家自然科学基金青年基金项目、国家自然科学基金青年基金项目资助 | |
| 330 | @a本书共分5章19节,从动物生殖生理、人工授精、胚胎移植、配子与胚胎生物技术等方面进行了全面论述,并对国内、外动物生殖领域研究的新进展进行了综述。 | |
| 606 | 0 | @a动物@x生殖生理学 |
| 690 | @aQ492@v5 | |
| 701 | 0 | @a李井春@9li jing chun@4著 |
| 701 | 0 | @a曹新燕@9cao xin yan@4著 |
| 801 | 0 | @aCN@b大连网信软件有限公司图书馆·11@c20161207 |
| 905 | @aZUCC@dQ492@e28 | |
| 动物生殖学理论与实践/李井春,曹新燕著.-北京:化学工业出版社,2016 |
| 339页:图;24cm |
| 本书出版得到:中国农业科学院科技创新工程经费资助、国家自然科学基金青年基金项目、国家自然科学基金青年基金项目资助 |
| ISBN 978-7-122-27488-5:CNY98.00 |
| 本书共分5章19节,从动物生殖生理、人工授精、胚胎移植、配子与胚胎生物技术等方面进行了全面论述,并对国内、外动物生殖领域研究的新进展进行了综述。 |
| ● |
| 相关链接 |
|
|
|
|
正题名:动物生殖学理论与实践
索取号:Q492/28
 
预约/预借
| 序号 | 登录号 | 条形码 | 馆藏地/架位号 | 状态 | 备注 |
| 1 | 912848 | 209128488 | 第二样本阅览室/ [索取号:Q492/28] | 在馆 | |
| 2 | 912849 | 209128497 | 第三借阅区/ [索取号:Q492/28] | 在馆 | |
| 3 | 912850 | 209128503 | 第三借阅区/ [索取号:Q492/28] | 在馆 |